Loading...
| History - Other | 3 | 4 | 1 | 1 | 80 | 33 | 80.71 | 3 | 7 | 0.00 | 0.00 |
| History - World | 2 | 6 | 2 | 3 | 80 | 53 | 94.38 | 4 | 8 | 0.00 | 0.00 |
| Literature - European | 2 | 1 | 0 | 1 | 40 | 37 | 80.67 | 3 | 3 | 0.00 | 0.00 |
| History - American | 0 | 4 | 0 | 2 | 40 | 76 | 112.25 | 1 | 4 | 0.00 | 0.00 |
| Mythology | 1 | 3 | 1 | 1 | 40 | 47 | 109.75 | 1 | 3 | 0.00 | 0.00 |
| Philosophy | 0 | 4 | 1 | 1 | 35 | 99 | 115.75 | 1 | 3 | 0.00 | 0.00 |
| History - European | 0 | 4 | 1 | 0 | 35 | 76 | 86.50 | 3 | 4 | 0.00 | 0.00 |
| Fine Arts - Other | 0 | 3 | 1 | 1 | 25 | 98 | 128.67 | 1 | 2 | 0.00 | 0.00 |
| Social Science | 0 | 2 | 1 | 2 | 15 | 115 | 120.50 | 1 | 1 | 0.00 | 0.00 |
| Current Events | 0 | 1 | 0 | 0 | 10 | 70 | 70.00 | 1 | 1 | 0.00 | 0.00 |
| Religion- | 0 | 1 | 0 | 0 | 10 | 68 | 68.00 | 1 | 1 | 0.00 | 0.00 |
| Science - Biology | 0 | 1 | 0 | 1 | 10 | 88 | 88.00 | 1 | 1 | 0.00 | 0.00 |
| Mythology- Edited | 0 | 1 | 0 | 0 | 10 | 114 | 114.00 | 0 | 1 | 0.00 | 0.00 |
| Geography | 0 | 1 | 0 | 0 | 10 | 72 | 72.00 | 1 | 1 | 0.00 | 0.00 |
| Religion | 0 | 2 | 2 | 0 | 10 | 83 | 92.00 | 1 | 2 | 0.00 | 0.00 |
| Literature - American | 0 | 0 | 0 | 0 | 0 | 0.00 | 0 | 0 | 0.00 | 0.00 | |
| Literature - World | 0 | 0 | 1 | 0 | -5 | 0.00 | 0 | 0 | 0.00 | 0.00 |